000 00663nam a2200193 i 4500
001 bgj
100 1 _aKESTEN, Hermann.
245 1 0 _aHermann Kesten :
_bein Buch der Freunde ;
_bzum 60. Geburtstag am 28. Januar 1960 /
_cÜberreicht von Verlag Kurt Desch, München, Verlag Kiepenhauer und Witsch, Köln, Büchergilde Gutenberg, Frankfurt am Main.
260 _aMünchen :
_bVerlag Kurt Desch,
_c1960.
300 _a173, [3] s., [8] k. :
_bil. ;
_c19 cm.
600 9 _aKESTEN, Hermann
650 9 _aLiteratura niemiecka
040 _cBPK
041 0 _ager
044 _aDEU
080 _a821.112.2
942 _cKS
008 s gw f |000 0 ger
999 _c50615
_d50615
856 _uhttp://koha.tu.koszalin.pl/cgi-bin/koha/opac-detail.pl?biblionumber=50615
_yKatalog online BPK